Échelle de mots : de Luffy à Zoro - Statistiques

Statistiques générales
  • Ce quiz a été pris 481 fois
  • Le résultat moyen est 17 sur 25
Statistiques - réponses
Hint Réponse % Correct
Futur Roi des Pirates Luffy
100%
Lorsqu'un fruit peut être cueillit, on dit qu'il est ___ Mure
80%
Futur meilleur bretteur de sabres Zoro
80%
Chose promise, chose ___ Due
79%
Contraire de faible (Enlever une lettre) Fort
79%
Lieu où se reçoit les bateaux Port
78%
Contraire de souple (Ajouter une lettre) Dure
76%
Petit mur (Ajouter une lettre) Muret
76%
Avoir un objectif But
75%
Un ensemble d'arbre Forêt
75%
Petit objet jetable pour vapoter (Enlever 1 lettre) Puff
74%
Un des choix possibles pour continuer les études après le BAC DUT
71%
Animal au corps long et aux courtes pattes Furet
71%
Aéroport International de Buffalo selon l'AITA (Enlever 1 lettre) BUF
68%
"Bouffie" en anglais Puffy
68%
Lieu privé ou public où l'on peut observer de nombreuses espèces animales Zoo
67%
Effet qui rend un personnage plus fort Buff
65%
Minuscules orifices de la peau Pore
65%
Recouvert d'or Doré
61%
Fantôme de l'Univers Mario Boo
59%
Personnage de fiction éducatif, se baladant avec un singe Dora
59%
Ce qui, après un partage, revient à quelqu'un Part
56%
Espèce parmi les serpents (Enlever une lettre) Boa
54%
Apprêter, arranger de manière à rendre plus propre à un usage, à un effet. Pare
46%
Vent catabatique du nord-est qui souffle sur la mer Adriatique, la mer Noire, la Grèce et la Turquie Bora
40%
Aucun quiz correspondant
Distribution des résultats
% des personnes avec chaque résultat
Percentile par nombre de réponses
Votre historique - résultats
Vous n’avez pas pris ce quiz